Piazzamenti delle Nazionali agli Europei "Belgio-Paesi Bassi 2000" - Statistics

Statistiche generali
  • Questo quiz è stato fatto 2 volte
  • Il punteggio medio è 9 su 16
Statistiche sulle risposte
Hint Risposta % Corretto
Francia Campione
100%
Svezia Fase a gironi
100%
Repubblica Ceca Fase a gironi
100%
Spagna Quarti di finale
100%
Paesi Bassi Semifinale
100%
Norvegia Fase a gironi
50%
Danimarca Fase a gironi
50%
Belgio Fase a gironi
50%
Slovenia Fase a gironi
50%
Jugoslavia Quarti di finale
50%
Turchia Quarti di finale
50%
Italia Secondo posto
50%
Germania Fase a gironi
0%
Inghilterra Fase a gironi
0%
Romania Quarti di finale
0%
Portogallo Semifinale
0%
Nessun quiz corrispondente trovato
Distribuzione punteggi
Percentuale di utenti per punteggio
Percentile per numero di risposta
I tuoi punteggi nel tempo
Non hai fatto questo quiz